| 000 | 00944nam a22002177a 4500 | ||
|---|---|---|---|
| 999 |
_c1892 _d1892 |
||
| 003 | AR-CdUCM | ||
| 008 | 190228b ||||| |||| 00| 0 spa d | ||
| 040 |
_aMUNICIPALIDAD PROVINCIAL DEL CUSCO _cBIBLIOTECA MUNICIPAL DEL CUSCO |
||
| 082 |
_a869.91 / _bV39 |
||
| 100 |
_aVelásquez Saquic, Felíx Lorenzo (Seudonimo Chichimuch) _96932 |
||
| 245 | _a¡Utatlán! ¡Por siempre! / | ||
| 260 |
_aGuatemala : _bSaqil Tzij, _c2000. |
||
| 300 |
_a202 páginas ; _c21 cm. |
||
| 500 | _aPremio Antonio Montesinos al gesto profético en defensa de la dignidad humana en América Latina, 1998. | ||
| 505 | _aContenido : Mi gente, mi tierra -- Nubarrones -- Esperanzas -- Confesiones y exhortaciones -- Mujeres que amo --Bajo otros cielos lejanos -- Retoños de mi pueblo -- Al terminar -- Maltiox ajaw. | ||
| 650 |
_aLiteratura guatemateca _96933 |
||
| 650 |
_aPoesía _9139 |
||
| 650 |
_aPoesía siglo XX _91708 |
||
| 942 |
_2ddc _cLIBROS |
||
| 945 | _azta | ||